Statistics for Regions of Georgia

Click here to take the quiz!

General Stats

  • This quiz has been taken 5 times
  • The average score is 7 of 13

Answer Stats

Type of RegionRegion/ Republic% Correct
Autonomous RepublicAbkhazia
100%
Autonomous RepublicAdjara
100%
RegionGuria
80%
RegionTbilisi
80%
RegionImereti
60%
RegionKakheti
60%
RegionShida Kartli
60%
RegionKvemo Kartli
40%
RegionSamegrelo and Zemo Svaneti
40%
RegionRacha-Lechkhumi and Kvemo Svaneti
20%
RegionSamtskhe-Javakheti
20%
RegionAjaria
0%
RegionMtskheta-Mtianeti
0%

Score Distribution

Percentile by Number Answered

Percent of People with Each Score

Your Score History

You have not taken this quiz